000 00497nam a2200157 a 4500
001 000037978
005 20201002031139.0
008 130311s2012 dr 000 0 spa d
020 _a9789945489392
040 _aDO-SdBNP
_bspa
_cBNPHU
100 1 _aDuluc Reyna, Marielys
_964386
245 1 0 _aDe la mano del tiempo /
_cMarielys Duluc Reyna.
260 _aSanto Domingo :
_bSantuario,
_c2012.
300 _a74 p. ;
_c24 cm.
500 _aIncluye datos biográficos del autor en la solapa de la portada
999 _c37468
_d37468